02333 a2200217 4500020001500000020001800015082001600033090001500049100002300064245010500087250001200192260002800204300002100232500001500253520153100268856007901799856008401878942002901962999001901991952010502010 a0471212229 a978047121222504a332.6450973 c3183d31831 aGeisst, Charles R.10aWheels of fortune :bthe history of speculation from scandal to respectability /cCharles R. Geisst. a1st ed. a[S.l.] :bWiley,c2002. a352 p. ;c24 cm. aHardcover. aFrom the very beginning, financial markets have been called everything imaginable–from gambling dens to vital centers of commerce. But the futures markets have been especially criticized for the neverending scandals and constant turmoil that have surrounded them. Wheels of Fortune is an engaging and original story that traces the rich, colorful, and often scandalous history of the U.S. futures market in its quest for respectability and profit. Set against a backdrop that begins prior to the Civil War and continues through the twentieth century, renowned business historian and bestselling author Charles Geisst takes you on an incredible journey that brings the personalities and strategies behind the futures markets and speculation in general to life. You will discover how legendary traders such as Benjamin Hutchinson cornered the wheat market in the nineteenth century and learn how other bold traders as well as lax regulations paved the way for twentieth-century debacles and events that would continue to tarnish the reputation of the CBOT, the CME, and other related institutions and markets. The history of the futures markets, derivatives, and speculation is full of misunderstandings and false assumptions. Wheels of Fortune seeks to clarify these misconceptions by chronicling the events and individuals that brought scandal and skepticism into the markets, and exploring the laws and governing bodies that were established to rein them in–but lacked the power to do  3Amazon.comuhttp://www.amazon.com/exec/obidos/ASIN/0471212229/chopaconline 3Amazon customer reviewsuhttp://www.chopac.org/cgi-bin/tools/azrev.pl?q=0471212 aNBScBKk332.6450973 GEI c345671d345671 00104070aCLbCLd2013-08-28l1o332.6450973 GEIpNBSD-736r2017-11-22s2017-08-04w2013-08-28yBK